| 000 | 00441ata a2200193 4500 | ||
|---|---|---|---|
| 005 | 20170109184438.0 | ||
| 008 | 150602b xxu||||| |||| 00| 0 spa d | ||
| 041 | _aspa | ||
| 082 | _a1.4.17 Ch545ch | ||
| 245 | _aChocolate | ||
| 260 | _aEstados Unidos | ||
| 260 | _bSouthwater | ||
| 260 | _c1996 | ||
| 300 | _a64 páginas | ||
| 650 |
_aRECETAS DE COCINA _91731 |
||
| 650 |
_aCHOCOLATE _923121 |
||
| 650 |
_aPOSTRES _91710 |
||
| 942 | _cBK | ||
| 999 |
_c6115 _d6115 |
||